header

Forgotten reformer (Record no. 148748)

MARC details
000 -LEADER
fixed length control field 01189nam a2200277Ia 4500
100 1# - MAIN ENTRY--AUTHOR NAME
Personal name Morn, Frank,
245 10 - TITLE STATEMENT
Title Forgotten reformer
260 ## - PUBLICATION, DISTRIBUTION, ETC. (IMPRINT)
Place of publication Lanham, MD :
Name of publisher University Press of America,
Year of publication 2010.
300 ## - PHYSICAL DESCRIPTION
Number of Pages xxvi, 374 p.
650 #0 - SUBJECT ADDED ENTRY--TOPICAL TERM
Topical Term Criminal justice, Administration of
Topical Term Justice, Administration of
856 40 - ELECTRONIC LOCATION AND ACCESS
Uniform Resource Identifier http://site.ebrary.com/lib/rucke/Doc?id=10435083

No items available.

© 2026 Rongo University
Contact us: librarian | system librarian | Rongo university